| 000 | 01695nam a22004097a 4500 | ||
|---|---|---|---|
| 003 | CHAP | ||
| 005 | 20220329143451.0 | ||
| 008 | 091116s2009 mx r 00010 spa d | ||
| 010 | _a97073 | ||
| 011 | _a98045 | ||
| 035 | _a108721 | ||
| 040 | _cCHAP | ||
| 090 | _aTesis | ||
| 100 | 1 |
_aAgustin Rafael, Julia. _93079 |
|
| 245 | 1 | 0 |
_aEstudio de factibilidad para la implementación de un proyecto de productos forestales maderables no tradicionales (selva baja caducifolia), Ejido el Cedral, Mpio. de la Unión de Isidoro Montes de Oca, Guerrero _c/por Julia Agustín Rafael |
| 260 |
_aChapingo, Méx. : _bEl autor, _c2009 |
||
| 300 |
_aii, 94 h. : _bcuadros |
||
| 502 | _aTesis (Ing. Agr. Esp. en Economía Agrícola) -- UACH. División de Ciencias Economico- Administrarivas | ||
| 530 | _aTambién disponible en línea | ||
| 590 |
_aALEPH _b10 _c20130110 _lUCH01 _h1531 |
||
| 590 |
_aBATCH-UPD _b10 _c20130110 _lUCH01 _h1714 |
||
| 590 |
_aBATCH-UPD _b10 _c20130410 _lUCH01 _h1059 |
||
| 590 |
_aBATCH-UPD _b10 _c20140324 _lUCH01 _h1513 |
||
| 590 |
_aBATCH-UPD _b10 _c20141002 _lUCH01 _h0840 |
||
| 590 |
_aBATCH _b00 _c20181121 _lUCH01 _h0758 |
||
| 590 |
_aCONVERSION _b10 _c20130109 _lUCH01 _h1354 |
||
| 650 | 1 | 4 |
_aDesarrollo de la comunidad rural _zGuerrero. _932037 |
| 650 | 1 | 4 |
_aEstudios de factibilidad. _938520 |
| 650 | 1 | 4 |
_aMadera aserrada. _969637 |
| 650 | 1 | 4 |
_aMadera _xSubproductos. _969627 |
| 856 |
_3Finding aid _uhttp://10.13.5.2/tesis/108721.pdf _zTeclea aqui |
||
| 856 |
_a1 _n0000147 |
||
| 901 | _aBK | ||
| 942 | _cFOLL | ||
| 949 |
_aTesis _bBC _cTES _d33724002105033 _eTS1 _gDonaciØn _h49712 _i108721 _sb |
||
| 949 |
_aTesis _bBC _cTES _d33724002105074 _eTS2 _fc.2 _gDonaciØn _h49713 _i108721 _sb |
||
| 999 |
_c97073 _d97073 |
||